000 00530nam a2200169Ia 4500
003 IN-BaIIA
008 211028s9999 xx s 000 0 eng d
020 _a9780819498243 (Print)
020 _a9780819498250 (Online)
040 _cIIA Library
100 _aNeumann, Wilfried
_940814
245 0 _aFundamentals of Dispersive Optical Spectroscopy Systems
_h[eBook]
260 _aWashington, USA
_bSPIE
_c2014
300 _aOnline resource
856 _uhttps://doi.org/10.1117/3.1002528
_yClick Here to Access eBook
942 _cEB
999 _c22249
_d22249